| 000 | 00799cab a2200265 4500 | ||
|---|---|---|---|
| 001 | WB3346-26 | ||
| 008 | 090401t1997 xxu||||| |||| 00| 0 eng d | ||
| 035 | _a(Sirsi) u82345 | ||
| 041 | _aeng | ||
| 245 | _aThreat to art market | ||
| 260 | _c1997 | ||
| 350 | _a0 | ||
| 490 |
_aRICS Press Release _vpr126.corp, 26 November 1997, (2) |
||
| 520 | _aA study published by the British Art Market Federation highlights the threat the art market faces from EU proposals to increase taxes on art sales. | ||
| 650 |
_aArts and antiques _96217 |
||
| 650 | _aART MARKET | ||
| 650 | _aBRITISH ART MARKET FEDERATION | ||
| 650 | _aEU DIRECTIVE | ||
| 650 | _aIMPORTS | ||
| 650 | _aTURNOVER | ||
| 650 | _aVALUE ADDED TAX | ||
| 690 |
_aArts and antiques _96217 |
||
| 942 | _n0 | ||
| 948 | _c26/11/1997 | ||
| 999 |
_c51971 _d51971 |
||